[Event "Oban Open"]
[Site "Oban"]
[Date "2016.11.20"]
[Round "5.10"]
[White "McPheator, Gary"]
[Black "D'Costa, Leston"]
[Result "0-1"]
[WhiteElo "1626"]
[BlackElo "1628"]
[PlyCount "54"]
[EventDate "2016.11.??"]
[EventType "swiss"]
[EventRounds "5"]
[EventCountry "SCO"]
[SourceVersionDate "2017.08.01"]

1. e4 c5 2. Nc3 Nc6 3. g3 g6 4. Bg2 Bg7 5. f4 d6 6. Nf3 e5 7. d3 Nge7 8. O-O
O-O 9. fxe5 dxe5 10. Be3 Nd4 11. Ne2 Nxf3+ 12. Bxf3 b6 13. Qc1 Be6 14. Bh6 Nc6
15. Bxg7 Kxg7 16. Rd1 Nd4 17. Nxd4 cxd4 18. Bg2 Rc8 19. Qd2 Qc7 20. Rdc1 Qc5
21. Qf2 Rc7 22. a3 Rfc8 23. b4 Qb5 24. Rf1 Rxc2 25. Qf6+ Kg8 26. a4 Qxd3 27.
Rae1 Qd2 0-1

[Event "Oban Open"]
[Site "Oban"]
[Date "2016.11.20"]
[Round "5.11"]
[White "Connolly Sams, Lukah"]
[Black "Ridge, Michael"]
[Result "1/2-1/2"]
[WhiteElo "1837"]
[BlackElo "1476"]
[PlyCount "54"]
[EventDate "2016.11.??"]
[EventType "swiss"]
[EventRounds "5"]
[EventCountry "SCO"]
[SourceVersionDate "2017.08.01"]

1. d4 Nf6 2. Nf3 g6 3. Nc3 d5 4. Bf4 Bg7 5. e3 O-O 6. Be2 c5 7. O-O cxd4 8.
exd4 Nc6 9. Ne5 Qb6 10. Nxc6 Qxc6 11. Bb5 Qb6 12. a4 Qa5 13. Re1 a6 14. Bd3 Qb4
15. Qd2 Be6 16. Be5 Rac8 17. Ra3 Qa5 18. f3 Ne8 19. Bxg7 Kxg7 20. Qg5 Qc7 21.
Nxd5 Bxd5 22. Qxd5 Nf6 23. Qe5 e6 24. Qxc7 Rxc7 25. c3 Nd5 26. Be4 Nb6 27. Bd3
Nd5 1/2-1/2